000 00370 a2200169 4500
001 68886
020 _a853225067-X
040 _cAnchieta - Itaigara
100 _aMachado, Ana Maria
240 1 0 _aO barbeiro e o coronel
_lpor
245 1 0 _aO barbeiro e o coronel
300 _a31
362 0 _a2003
440 1 _aFTD
650 4 _aLiteratura infantil
942 _cBK
999 _c68886
_d68886